MARC

LEADER 00000nam0a2200000 4500
001 252738
005 20231101232759.0
010 |a 5279002283 
020 |a RU  |b 89-42264 
035 |a (RuTPU)RU\TPU\book\275089 
090 |a 252738 
100 |a 20140305d1989 k y0rusy5003 ca 
101 0 |a rus 
102 |a RU 
105 |a y z 001zy 
200 1 |a Конструирование интерактивных систем анализа данных  |f В. М. Бухштабер, Е. А. Зеленюк, А. А. Зубенко 
210 |a Москва  |c Финансы и статистика  |d 1989 
215 |a 120 с. 
225 1 |a Математическое обеспечение прикладной статистики 
320 |a Библиогр.: с. 115-118. 
606 1 |a Статистический анализ  |2 stltpush  |3 (RuTPU)RU\TPU\subj\42258  |9 61945 
610 1 |a данные 
610 1 |a информация 
610 1 |a обработка 
610 1 |a проектирование 
610 1 |a построение 
610 1 |a программное обеспечение 
610 1 |a прикладная статистика 
610 1 |a диалоговые системы 
675 |a 519.23  |z rus 
700 1 |a Бухштабер  |b В. М.  |g Виктор Матвеевич 
701 1 |a Зеленюк  |b Е. А.  |g Евгений Аркадьевич 
701 1 |a Зубенко  |b А. А.  |g Александр Александрович 
801 0 |a RU  |b RuMRKP  |c 19950417  |g psbo 
801 1 |a RU  |b 63413507  |c 20140305 
801 2 |a RU  |b 63413507  |c 20140407  |g RCR 
942 |c BK